[Event "MrDodgy Inv 3 GpA"]
[Site "chess24.com INT"]
[Date "2022.11.25"]
[Round "1.1"]
[White "Grischuk, Alexander"]
[Black "Rosen, Eric"]
[Result "1-0"]
[WhiteTitle "GM"]
[BlackTitle "IM"]
[WhiteElo "2745"]
[BlackElo "2356"]
[WhiteFideId "4126025"]
[BlackFideId "2032562"]
[EventDate "2022.11.25"]

1. Nf3 d5 2. g3 Nf6 3. Bg2 e6 4. O-O Be7 5. c4 d4 6. b4 c5 7. Bb2 O-O 8. d3 Nc6
9. b5 Nb8 10. e3 dxe3 11. fxe3 a6 12. a4 axb5 13. axb5 Rxa1 14. Bxa1 b6 15. Ne5
Qc7 16. Nd2 Rd8 17. Qf3 Bd6 18. d4 cxd4 19. exd4 Nbd7 20. Nc6 Rf8 21. Ne4 Nxe4
22. Qxe4 Bb7 23. Qg4 f5 24. Qe2 Rf6 25. Bc3 Rg6 26. d5 Nc5 27. dxe6 Nxe6 28.
Rxf5 h6 29. Bd5 Bc8 30. Ne5 Rf6 31. Rxf6 gxf6 32. Ng4 Kf7 33. Nxf6 Qc5+ 34. Kg2
Be7 35. Ne4 Qa3 36. Qh5+ Kf8 37. Qf5+ Ke8 38. Bxe6 Bxe6 39. Qxe6 Qa2+ 40. Kh3
Kd8 41. Qxb6+ Ke8 42. Qc6+ Kf7 43. Qd5+ Ke8 44. Qe6 h5 45. Nf6+ Kd8 46. Qd7# 1-0

[Event "MrDodgy Inv 3 GpA"]
[Site "chess24.com INT"]
[Date "2022.11.25"]
[Round "1.4"]
[White "Van Foreest, Jorden"]
[Black "Ten Hertog, Hugo"]
[Result "1-0"]
[WhiteTitle "GM"]
[BlackTitle "GM"]
[WhiteElo "2690"]
[BlackElo "2528"]
[WhiteFideId "1039784"]
[BlackFideId "1026356"]
[EventDate "2022.11.25"]

1. e4 g6 2. d4 Bg7 3. Nf3 d6 4. Be2 Nd7 5. O-O e5 6. dxe5 dxe5 7. Nc3 Ngf6 8. h3
O-O 9. Be3 c6 10. a4 a5 11. Bc4 Qe7 12. Qe2 h6 13. Rad1 Nh5 14. Ba2 Nc5 15. Qc4
Ne6 16. Ne2 Nhf4 17. Nxf4 exf4 18. Bc1 Ng5 19. Nxg5 hxg5 20. Qe2 Be6 21. Bxe6
Qxe6 22. Rd3 f5 23. Re1 Rae8 24. f3 Qc4 25. b3 Qc5+ 26. Qf2 Qe7 27. Bd2 Qc7 28.
exf5 gxf5 29. Rxe8 Rxe8 30. Qc5 Re5 31. Qc4+ Kh7 32. h4 Qe7 33. b4 Re1+ 34. Kh2
g4 35. Bxe1 Qxe1 36. fxg4 fxg4 37. Rd7 Qxh4+ 38. Kg1 Qe1+ 39. Qf1 Qe3+ 40. Kh1
Qe6 41. Qd3+ Kg8 42. Rd8+ Bf8 43. Qb3 Qxb3 44. cxb3 axb4 45. Rd4 f3 46. Rxg4+
Kf7 47. gxf3 1-0

[Event "MrDodgy Inv 3 GpA"]
[Site "chess24.com INT"]
[Date "2022.11.25"]
[Round "1.5"]
[White "Carlsen, Magnus"]
[Black "Mamedov, Rauf"]
[Result "1-0"]
[WhiteTitle "GM"]
[BlackTitle "GM"]
[WhiteElo "2859"]
[BlackElo "2646"]
[WhiteFideId "1503014"]
[BlackFideId "13401653"]
[EventDate "2022.11.25"]

1. g3 Nf6 2. Bg2 g6 3. e4 d6 4. d4 Bg7 5. Ne2 O-O 6. O-O e5 7. Nbc3 exd4 8. Nxd4
a6 9. Re1 Nbd7 10. h3 Re8 11. a4 Rb8 12. a5 Ne5 13. f4 Nc4 14. b3 Nxa5 15. Rxa5
c5 16. Ra4 cxd4 17. Rxd4 Qc7 18. Rc4 Qa5 19. b4 Qa1 20. Qd3 Be6 21. Rd4 Nh5 22.
Bd2 Qa3 23. Rxd6 Rbc8 24. e5 Qxb4 25. Ne4 Qb2 26. c3 h6 27. g4 Nxf4 28. Bxf4
Rxc3 29. Qxc3 1-0

[Event "MrDodgy Inv 3 GpA"]
[Site "chess24.com INT"]
[Date "2022.11.25"]
[Round "1.6"]
[White "Pichot, Alan"]
[Black "Jobava, Baadur"]
[Result "1-0"]
[WhiteTitle "GM"]
[BlackTitle "GM"]
[WhiteElo "2637"]
[BlackElo "2578"]
[WhiteFideId "110973"]
[BlackFideId "13601520"]
[EventDate "2022.11.25"]

1. e4 c6 2. d4 d5 3. e5 Bf5 4. h4 f6 5. Bd3 Bxd3 6. Qxd3 fxe5 7. dxe5 e6 8. h5
Na6 9. Nf3 Qd7 10. a3 Nh6 11. b4 Nc7 12. c4 Nf7 13. Nc3 Be7 14. O-O O-O 15. Rb1
Rad8 16. Re1 dxc4 17. Qxc4 Nd5 18. Ne4 Nb6 19. Qc2 Qd3 20. Qxd3 Rxd3 21. Nc5
Bxc5 22. bxc5 Nc4 23. Rxb7 a5 24. Re7 Nxa3 25. Rxe6 Nc2 26. Rf1 Rxf3 27. gxf3
Nd4 28. Re7 Nxe5 29. f4 Nef3+ 30. Kg2 Nh4+ 31. Kh3 Nhf5 32. Ra7 Nb3 33. Be3 Re8
34. Rg1 h6 35. Rg6 Kh7 36. Kg4 Rf8 37. Rxc6 Nbd4 38. Rb6 Nc2 39. Bd2 Ncd4 40.
Bc3 a4 41. c6 Ne6 42. c7 1-0

[Event "MrDodgy Inv 3 GpA"]
[Site "chess24.com INT"]
[Date "2022.11.25"]
[Round "1.7"]
[White "Jones, Gawain C B"]
[Black "Salgado Lopez, Ivan"]
[Result "0-1"]
[WhiteTitle "GM"]
[BlackTitle "GM"]
[WhiteElo "2623"]
[BlackElo "2591"]
[WhiteFideId "409561"]
[BlackFideId "2257327"]
[EventDate "2022.11.25"]

1. Nf3 b6 2. e4 Bb7 3. Nc3 Nf6 4. e5 Nd5 5. Nxd5 Bxd5 6. c4 Bxf3 7. Qxf3 Nc6 8.
Qe4 e6 9. g3 f5 10. Qe2 Bc5 11. Bg2 O-O 12. O-O f4 13. d3 f3 14. Qe4 fxg2 15.
Kxg2 Qe8 16. f4 Qg6 17. Qe2 Rad8 18. Be3 Bxe3 19. Qxe3 d6 20. exd6 Rxd6 21. Rae1
Rxd3 22. Qxe6+ Qxe6 23. Rxe6 Rf6 24. Re8+ Kf7 25. Rc8 Rd7 26. Rf2 Rfd6 27. a3 a5
28. b3 Rd3 29. Rb2 a4 30. bxa4 Ne7 31. Ra8 Rxa3 32. c5 bxc5 33. Rc2 Rd5 34. Ra7
Ke6 35. Rxc7 Kd6 36. Ra7 Rad3 37. Kh3 Rd2 38. Rc1 Re2 39. Rb1 c4 40. Rb6+ Nc6
41. Rxg7 c3 42. Rxh7 Rc5 43. Rh6+ Kd5 44. Rb1 c2 45. Rc1 Rd2 46. Kg4 Rd1 47.
Rh5+ Kd6 48. Rxc5 Rxc1 49. Rc3 Nd4 50. h4 Rd1 51. h5 c1=Q 52. Rxc1 Rxc1 53. Kg5
Ke6 54. Kg6 Rg1 55. h6 Rxg3+ 56. Kh5 Rh3+ 57. Kg6 Nf5 58. a5 Rxh6+ 59. Kg5 Rh7
60. a6 Ra7 61. Kh5 Rxa6 62. Kg6 Ra1 63. Kg5 Nd4 64. Kh5 Kf5 0-1

[Event "MrDodgy Inv 3 GpA"]
[Site "chess24.com INT"]
[Date "2022.11.25"]
[Round "1.8"]
[White "Supi, Luis Paulo"]
[Black "Adhiban, Baskaran"]
[Result "1/2-1/2"]
[WhiteTitle "GM"]
[BlackTitle "GM"]
[WhiteElo "2612"]
[BlackElo "2603"]
[WhiteFideId "2106388"]
[BlackFideId "5018471"]
[EventDate "2022.11.25"]

1. e4 c5 2. Nf3 Nc6 3. Bb5 d6 4. O-O Bd7 5. Re1 a6 6. Bxc6 Bxc6 7. d4 cxd4 8.
Nxd4 Rc8 9. c4 g6 10. Nc3 Bg7 11. b3 Nf6 12. Bb2 O-O 13. Nd5 Nxd5 14. exd5 Bd7
15. a4 Re8 16. Qd2 b5 17. axb5 axb5 18. cxb5 Rc5 19. Nc6 Bxc6 20. bxc6 Bxb2 21.
Qxb2 Rxd5 22. Rac1 Qb6 23. c7 Qb7 24. h4 Rc5 25. Rxc5 dxc5 26. Qe5 Rc8 27. Qxe7
Qxc7 28. Qf6 Qc6 29. Qe5 h5 30. Re3 Qd7 31. Qf6 Qd1+ 32. Kh2 Qd4 33. Qxd4 cxd4
34. Rd3 Rc3 35. Rxd4 Rxb3 36. g3 Kg7 37. Kg2 f6 38. Rd7+ Kh6 39. Rd6 Kg7 40.
Rd7+ Kh6 41. Rd6 Kg7 42. Rd7+ 1/2-1/2

[Event "MrDodgy Inv 3 GpA"]
[Site "chess24.com INT"]
[Date "2022.11.25"]
[Round "2.1"]
[White "Rosen, Eric"]
[Black "Adhiban, Baskaran"]
[Result "0-1"]
[WhiteTitle "IM"]
[BlackTitle "GM"]
[WhiteElo "2356"]
[BlackElo "2603"]
[WhiteFideId "2032562"]
[BlackFideId "5018471"]
[EventDate "2022.11.25"]

1. d4 g6 2. e4 Bg7 3. Nf3 d6 4. Bc4 Nf6 5. Qe2 Nc6 6. c3 O-O 7. O-O Bg4 8. h3
Bxf3 9. Qxf3 e5 10. Be3 Nd7 11. Rd1 Kh8 12. Qg3 f5 13. Bg5 Bf6 14. Bxf6+ Qxf6
15. d5 Ne7 16. Nd2 Nc5 17. Bd3 a5 18. Bc2 f4 19. Qf3 g5 20. Re1 Qg6 21. Bd1 Ng8
22. b4 Nd7 23. Nf1 Ngf6 24. Nh2 h5 25. Qe2 Rg8 26. f3 g4 27. fxg4 axb4 28. cxb4
Ra3 29. gxh5 Qh7 30. Kh1 Re3 31. Qf2 Nxe4 32. Qxe3 fxe3 33. Rxe3 Nf2+ 34. Kg1
Nxd1 35. Rxd1 Qxh5 36. Ng4 Nf6 37. Rf1 Nxg4 38. hxg4 Rxg4 39. Rh3 Qxh3 0-1

[Event "MrDodgy Inv 3 GpA"]
[Site "chess24.com INT"]
[Date "2022.11.25"]
[Round "2.2"]
[White "Salgado Lopez, Ivan"]
[Black "Supi, Luis Paulo"]
[Result "1-0"]
[WhiteTitle "GM"]
[BlackTitle "GM"]
[WhiteElo "2591"]
[BlackElo "2612"]
[WhiteFideId "2257327"]
[BlackFideId "2106388"]
[EventDate "2022.11.25"]

1. e4 c5 2. Nf3 d6 3. Bb5+ Bd7 4. Bxd7+ Nxd7 5. c3 Ngf6 6. Qe2 e6 7. d4 Be7 8.
e5 dxe5 9. dxe5 Nd5 10. c4 Nb4 11. Nc3 a6 12. O-O Qc7 13. Bf4 O-O 14. h4 Rad8
15. h5 h6 16. Rad1 Nc6 17. Qe3 Nd4 18. Ne4 Nf5 19. Qc3 Qc6 20. Qc2 Nb6 21. b3
Rfe8 22. Rfe1 Rd7 23. g4 Nd4 24. Nxd4 Rxd4 25. Rxd4 cxd4 26. Qd3 Nd7 27. Qxd4
Nc5 28. Nd6 Bxd6 29. exd6 f6 30. Bxh6 e5 31. Qd2 gxh6 32. Qxh6 Kf7 33. Qg6+ Ke6
34. Rd1 Rf8 35. Qf5+ Kf7 36. h6 Ne6 37. Qh7+ Ke8 38. Qe7# 1-0

[Event "MrDodgy Inv 3 GpA"]
[Site "chess24.com INT"]
[Date "2022.11.25"]
[Round "2.3"]
[White "Jobava, Baadur"]
[Black "Jones, Gawain C B"]
[Result "0-1"]
[WhiteTitle "GM"]
[BlackTitle "GM"]
[WhiteElo "2578"]
[BlackElo "2623"]
[WhiteFideId "13601520"]
[BlackFideId "409561"]
[EventDate "2022.11.25"]

1. b3 Nf6 2. Bb2 g6 3. Bxf6 exf6 4. c4 d5 5. cxd5 Qxd5 6. Nc3 Qa5 7. a3 Bg7 8.
e3 c6 9. g3 h5 10. b4 Qd8 11. Bg2 h4 12. Nge2 Nd7 13. d4 Nb6 14. O-O hxg3 15.
hxg3 Bg4 16. Qd3 Qd7 17. Ne4 Bh3 18. Nf4 Bxg2 19. Kxg2 g5 20. Nc5 Qc8 21. Rh1
Rxh1 22. Rxh1 gxf4 23. exf4 Nd5 24. b5 Kf8 25. Qf3 f5 26. Rc1 Bxd4 27. Nb3 Bb2
28. Rc2 Bg7 29. bxc6 bxc6 30. Na5 Qe6 31. Nxc6 Qe4 32. Re2 Qxf3+ 33. Kxf3 Rc8
34. Nxa7 Rc3+ 35. Kg2 Rxa3 36. Nb5 Ra6 37. Rd2 Nf6 38. Rd8+ Ke7 39. Rb8 Ne4 40.
Rb7+ Kf6 41. Nc7 Ra2 42. Ne8+ Kg6 43. Rb6+ f6 44. Rb7 Rxf2+ 45. Kg1 Bf8 46. Nc7
Bc5 47. Ne6 Re2+ 0-1

[Event "MrDodgy Inv 3 GpA"]
[Site "chess24.com INT"]
[Date "2022.11.25"]
[Round "2.4"]
[White "Mamedov, Rauf"]
[Black "Pichot, Alan"]
[Result "1-0"]
[WhiteTitle "GM"]
[BlackTitle "GM"]
[WhiteElo "2646"]
[BlackElo "2637"]
[WhiteFideId "13401653"]
[BlackFideId "110973"]
[EventDate "2022.11.25"]

1. Nf3 Nf6 2. g3 b6 3. Bg2 Bb7 4. d3 e6 5. e4 d5 6. e5 Nfd7 7. d4 c5 8. c3 Ba6
9. Bf1 Qc8 10. Bd3 Bxd3 11. Qxd3 Qa6 12. Qxa6 Nxa6 13. Ke2 Be7 14. Be3 O-O 15.
Nbd2 Rfc8 16. Rhc1 Rab8 17. Rab1 b5 18. a3 c4 19. h4 Nb6 20. h5 Na4 21. h6 g6
22. Nh2 Nc7 23. Ng4 a5 24. Nf3 b4 25. axb4 axb4 26. Bg5 Bxg5 27. Nxg5 Ne8 28.
Ra1 Nxb2 29. Ra7 Nd3 30. Rca1 bxc3 31. Rxf7 Rc7 32. Ra7 Rb2+ 33. Ke3 Rxf2 34.
Rfxc7 c2 35. Rg7+ Nxg7 36. Ra8+ Rf8 37. Nf6+ Kh8 38. Nf7# 1-0

[Event "MrDodgy Inv 3 GpA"]
[Site "chess24.com INT"]
[Date "2022.11.25"]
[Round "2.5"]
[White "Ten Hertog, Hugo"]
[Black "Carlsen, Magnus"]
[Result "0-1"]
[WhiteTitle "GM"]
[BlackTitle "GM"]
[WhiteElo "2528"]
[BlackElo "2859"]
[WhiteFideId "1026356"]
[BlackFideId "1503014"]
[EventDate "2022.11.25"]

1. c4 b6 2. Nc3 Bb7 3. e4 e5 4. Nge2 f5 5. d4 fxe4 6. d5 Nf6 7. Bg5 Na6 8. Ng3
Bb4 9. Qc2 Nc5 10. a3 Bxc3+ 11. Qxc3 d6 12. b4 Ncd7 13. Qc2 a5 14. b5 Nc5 15.
Be3 O-O 16. Bxc5 bxc5 17. Be2 Bc8 18. Nxe4 Bf5 19. Nxf6+ Qxf6 20. Qc3 Qh4 21.
O-O Rf6 22. Qg3 Qd4 23. Rad1 Qb2 24. Qe3 a4 25. Bd3 Raf8 26. Bxf5 Rxf5 27. Rb1
Qd4 28. Qxd4 exd4 29. b6 cxb6 30. Rxb6 d3 31. Rb2 Rf4 32. Rd1 Rxc4 33. f3 Rd4
34. Kf2 c4 35. Ke3 Rxd5 36. Rb4 Re8+ 0-1

[Event "MrDodgy Inv 3 GpA"]
[Site "chess24.com INT"]
[Date "2022.11.25"]
[Round "2.6"]
[White "Williams, Simon K"]
[Black "Van Foreest, Jorden"]
[Result "1/2-1/2"]
[WhiteTitle "GM"]
[BlackTitle "GM"]
[WhiteElo "2467"]
[BlackElo "2690"]
[WhiteFideId "404454"]
[BlackFideId "1039784"]
[EventDate "2022.11.25"]

1. d4 Nf6 2. c4 Ne4 3. f3 Nd6 4. e4 f6 5. Nc3 Nf7 6. f4 e5 7. Nf3 exd4 8. Nxd4
Nc6 9. Be3 Bb4 10. Bd3 O-O 11. O-O Bc5 12. Nc2 Bxe3+ 13. Nxe3 d6 14. Ncd5 Be6
15. Qh5 Nd4 16. e5 f5 17. Nxf5 Bxf5 18. Bxf5 Nxf5 19. Qxf5 c6 20. Nc3 Nxe5 21.
Qe6+ Nf7 22. Rae1 Qb6+ 23. Rf2 Kh8 24. Qe3 Qa5 25. Rfe2 Nh6 26. g3 Nf5 27. Qd3
Qc5+ 28. Kg2 a5 29. Ne4 Qb4 30. a3 Qb6 31. Ng5 h6 32. Ne6 Rf6 33. g4 Nh4+ 34.
Kg3 Ng6 35. h4 Nf8 36. Nd4 Rf7 37. g5 Qc7 38. Ne6 Nxe6 39. Rxe6 Raf8 40. gxh6 d5
41. R1e5 dxc4 42. Qxc4 Qb6 43. hxg7+ Rxg7+ 44. Rg5 Qg1+ 45. Kf3 Qh1+ 46. Kg3
Qg1+ 47. Kf3 Qd1+ 48. Kg3 Qg1+ 1/2-1/2

[Event "MrDodgy Inv 3 GpA"]
[Site "chess24.com INT"]
[Date "2022.11.25"]
[Round "3.3"]
[White "Van Foreest, Jorden"]
[Black "Plichta, Kamil"]
[Result "1-0"]
[WhiteTitle "GM"]
[BlackTitle "FM"]
[WhiteElo "2690"]
[BlackElo "2394"]
[WhiteFideId "1039784"]
[BlackFideId "1141830"]
[EventDate "2022.11.25"]

1. Na3 g6 2. g3 Bg7 3. Bg2 Nf6 4. d4 O-O 5. Nf3 d6 6. O-O Nbd7 7. Nc4 c6 8. a4
Qc7 9. b3 Rd8 10. Bb2 Nb6 11. Ncd2 a5 12. e4 Bg4 13. Qe1 Qd7 14. Rd1 Bh3 15. c4
Bxg2 16. Kxg2 Qg4 17. h3 Qh5 18. g4 Nxg4 19. hxg4 Qxg4+ 20. Kh1 c5 21. Nh2 Qh3
22. Qe3 Qh5 23. Ba1 Nd7 24. d5 Bxa1 25. Rxa1 Ne5 26. Rg1 e6 27. f4 Nd7 28. dxe6
fxe6 29. Rg5 Qh6 30. Rag1 Nf8 31. f5 exf5 32. Rxg6+ Qxg6 33. Rxg6+ hxg6 34. exf5
gxf5 35. Qg5+ Kf7 36. Qxf5+ Ke7 37. Ng4 Nd7 38. Qh7+ Ke6 39. Qg6+ Ke7 40. Ne4
Rh8+ 41. Kg2 Rag8 42. Qxd6+ Kd8 43. Kg3 Rg7 44. Nxc5 Rhg8 45. Ne6+ Kc8 46. Qc7# 1-0

[Event "MrDodgy Inv 3 GpA"]
[Site "chess24.com INT"]
[Date "2022.11.25"]
[Round "3.4"]
[White "Carlsen, Magnus"]
[Black "Williams, Simon K"]
[Result "1-0"]
[WhiteTitle "GM"]
[BlackTitle "GM"]
[WhiteElo "2859"]
[BlackElo "2467"]
[WhiteFideId "1503014"]
[BlackFideId "404454"]
[EventDate "2022.11.25"]

1. e4 c5 2. Nc3 Nc6 3. Nge2 g6 4. d4 cxd4 5. Nxd4 Bg7 6. Be3 Nf6 7. h4 d5 8. Bb5
Bd7 9. exd5 Nxd4 10. Bxd7+ Qxd7 11. Bxd4 O-O 12. Qd3 e5 13. Be3 e4 14. Qd2 b5
15. a3 a5 16. O-O b4 17. axb4 axb4 18. Rxa8 Rxa8 19. Ne2 Qf5 20. d6 Nd5 21. Rd1
Nxe3 22. Qxe3 Bxb2 23. Qb6 Bf6 24. d7 Rd8 25. Ng3 Qg4 26. Rd4 Bxh4 27. Nxe4 Qf5
28. Qd6 Kg7 29. g3 Bf6 30. Nxf6 Qxf6 31. Qxb4 Qc6 32. Qe7 Ra8 33. d8=Q 1-0

[Event "MrDodgy Inv 3 GpA"]
[Site "chess24.com INT"]
[Date "2022.11.25"]
[Round "3.5"]
[White "Pichot, Alan"]
[Black "Ten Hertog, Hugo"]
[Result "0-1"]
[WhiteTitle "GM"]
[BlackTitle "GM"]
[WhiteElo "2637"]
[BlackElo "2528"]
[WhiteFideId "110973"]
[BlackFideId "1026356"]
[EventDate "2022.11.25"]

1. e4 g6 2. d4 Bg7 3. Nc3 d6 4. Be3 a6 5. h4 h6 6. Qd2 b5 7. O-O-O Bb7 8. f3 Nd7
9. g4 Rc8 10. h5 g5 11. Nge2 Ngf6 12. Ng3 e6 13. Kb1 Nb6 14. Qf2 Qe7 15. a3 c5
16. Bxb5+ axb5 17. dxc5 dxc5 18. Nxb5 O-O 19. Nd6 Na4 20. Nxc8 Rxc8 21. Qd2 Nxb2
22. Bxg5 Nc4 23. Qf4 hxg5 24. Qxg5 Qc7 25. Ka2 Nh7 26. Qh4 Ra8 27. Rd3 Nxa3 0-1

[Event "MrDodgy Inv 3 GpA"]
[Site "chess24.com INT"]
[Date "2022.11.25"]
[Round "3.6"]
[White "Jones, Gawain C B"]
[Black "Mamedov, Rauf"]
[Result "0-1"]
[WhiteTitle "GM"]
[BlackTitle "GM"]
[WhiteElo "2623"]
[BlackElo "2646"]
[WhiteFideId "409561"]
[BlackFideId "13401653"]
[EventDate "2022.11.25"]

1. Nf3 Nf6 2. g3 g6 3. b3 Bg7 4. Bb2 O-O 5. Bg2 d6 6. d4 b5 7. O-O Bb7 8. c4
bxc4 9. bxc4 Nbd7 10. Nbd2 Rb8 11. Qc2 Ne4 12. Rab1 Nxd2 13. Nxd2 Bxg2 14. Kxg2
c5 15. d5 Qa5 16. Bxg7 Kxg7 17. Rb3 Rb6 18. h4 h5 19. Re3 Re8 20. Nf3 Nf6 21.
Ng5 Rb4 22. a3 Qa4 23. Qxa4 Rxa4 24. Rc1 Ng4 25. Rec3 Rb8 26. R1c2 Rb1 27. Rf3
Ne5 28. Re3 Kf8 29. Nh7+ Ke8 30. Rec3 f6 31. f4 Ng4 32. f5 gxf5 33. Rf3 Kf7 34.
Ng5+ fxg5 35. Rxf5+ Ke8 36. Rc3 gxh4 37. gxh4 Ra1 38. Rxh5 R4xa3 39. Rxa3 Rxa3
40. Rg5 Nf6 41. h5 Re3 42. h6 Rxe2+ 43. Kh3 Re3+ 44. Kg2 Re4 45. Kg3 Kf7 46.
Rg7+ Kf8 0-1

[Event "MrDodgy Inv 3 GpA"]
[Site "chess24.com INT"]
[Date "2022.11.25"]
[Round "3.7"]
[White "Supi, Luis Paulo"]
[Black "Jobava, Baadur"]
[Result "1-0"]
[WhiteTitle "GM"]
[BlackTitle "GM"]
[WhiteElo "2612"]
[BlackElo "2578"]
[WhiteFideId "2106388"]
[BlackFideId "13601520"]
[EventDate "2022.11.25"]

1. c4 e5 2. d3 d6 3. Nc3 f5 4. g3 Nf6 5. Bg2 c6 6. Nf3 Be7 7. O-O O-O 8. c5 Kh8
9. cxd6 Bxd6 10. Rb1 a5 11. a3 Na6 12. e4 fxe4 13. dxe4 Be6 14. Be3 Qe7 15. Qe2
Ng4 16. Bg5 Qf7 17. h3 Bc4 18. Qd2 Bxf1 19. Rxf1 h6 20. hxg4 hxg5 21. Qxd6 Rae8
22. Nxe5 Qf6 23. Qxf6 Rxf6 24. f4 Nc5 25. Nc4 b5 26. e5 Rff8 27. Nd6 Re6 28.
Nce4 Nxe4 29. Nxe4 gxf4 30. gxf4 Rd8 31. Nd6 Kg8 32. g5 1-0

[Event "MrDodgy Inv 3 GpA"]
[Site "chess24.com INT"]
[Date "2022.11.25"]
[Round "3.8"]
[White "Adhiban, Baskaran"]
[Black "Salgado Lopez, Ivan"]
[Result "1/2-1/2"]
[WhiteTitle "GM"]
[BlackTitle "GM"]
[WhiteElo "2603"]
[BlackElo "2591"]
[WhiteFideId "5018471"]
[BlackFideId "2257327"]
[EventDate "2022.11.25"]

1. b3 b6 2. e4 Bb7 3. Nc3 e6 4. Bb2 Nf6 5. e5 Nd5 6. Nxd5 Bxd5 7. h4 c5 8. Qg4
h5 9. Qg3 g6 10. Nf3 Bxf3 11. Qxf3 Nc6 12. Bb5 Rc8 13. Bxc6 Rxc6 14. c4 Bg7 15.
Bc3 Qc7 16. Qe3 a6 17. a4 a5 18. Kf1 Kd8 19. Rh3 Rg8 20. Rf3 d6 21. exd6 Rxd6
22. Bxg7 Rxg7 23. Qe5 Rh7 24. Re1 Rd4 25. Qg5+ Qe7 26. Qe5 Qc7 27. Qg5+ Qe7 28.
Qe5 Qc7 1/2-1/2

[Event "MrDodgy Inv 3 GpA"]
[Site "chess24.com INT"]
[Date "2022.11.25"]
[Round "4.1"]
[White "Rosen, Eric"]
[Black "Salgado Lopez, Ivan"]
[Result "1/2-1/2"]
[WhiteTitle "IM"]
[BlackTitle "GM"]
[WhiteElo "2356"]
[BlackElo "2591"]
[WhiteFideId "2032562"]
[BlackFideId "2257327"]
[EventDate "2022.11.25"]

1. d4 e6 2. Bf4 b6 3. Nf3 Bb7 4. c4 Nf6 5. e3 Bb4+ 6. Nfd2 O-O 7. a3 Be7 8. Nc3
d5 9. cxd5 Nxd5 10. Nxd5 Bxd5 11. Bd3 Bd6 12. Bg3 Nd7 13. e4 Bb7 14. Nf3 Re8 15.
O-O Bxg3 16. hxg3 c5 17. Bb5 a6 18. Bxd7 Qxd7 19. dxc5 Qxd1 20. Rfxd1 bxc5 21.
Rac1 Bxe4 22. Rxc5 Bd5 23. b4 Rec8 24. Rdc1 Bb7 25. Rc7 Rxc7 26. Rxc7 Bxf3 27.
gxf3 Kf8 28. Kf1 Rb8 29. Ra7 Rb6 30. Ke2 Rd6 31. Ke3 g5 32. Ke4 Kg7 33. Ke5 Rd5+
34. Ke4 Rd6 35. Ke5 Rd5+ 36. Ke4 Rd6 1/2-1/2

[Event "MrDodgy Inv 3 GpA"]
[Site "chess24.com INT"]
[Date "2022.11.25"]
[Round "4.2"]
[White "Jobava, Baadur"]
[Black "Adhiban, Baskaran"]
[Result "1-0"]
[WhiteTitle "GM"]
[BlackTitle "GM"]
[WhiteElo "2578"]
[BlackElo "2603"]
[WhiteFideId "13601520"]
[BlackFideId "5018471"]
[EventDate "2022.11.25"]

1. e4 c5 2. c3 Nf6 3. e5 Nd5 4. Nf3 d6 5. exd6 e6 6. g3 Nc6 7. Bg2 Bxd6 8. O-O
O-O 9. d4 cxd4 10. Nxd4 Nxd4 11. Qxd4 Qc7 12. c4 Be5 13. Qe4 Nf6 14. Qe2 Bd7 15.
Nd2 Rad8 16. Nf3 Bd6 17. Be3 a5 18. Rfd1 b6 19. Rac1 Bc6 20. Nd4 Bxg2 21. Kxg2
Bc5 22. Qf3 Rc8 23. Nb5 Qe7 24. Bg5 Rfd8 25. b3 h6 26. Bxf6 Qxf6 27. Qxf6 gxf6
28. Kf3 Kg7 29. g4 Kg6 30. h3 f5 31. Na7 Ra8 32. Nc6 Rxd1 33. Rxd1 a4 34. b4 Bf8
35. Rd7 fxg4+ 36. hxg4 Kf6 37. Ke4 a3 38. Rb7 Rc8 39. Rxb6 Bxb4 40. Nxb4 Rxc4+
41. Kf3 Rc3+ 42. Kf4 Rc4+ 43. Kg3 Rc3+ 44. f3 Kg6 45. Ra6 h5 46. Nd5 Rc4 47.
Nf4+ Kg5 48. Nxh5 f5 49. Rxa3 fxg4 50. Ra5+ Kg6 51. fxg4 Rc3+ 52. Kh4 Rc1 53.
Nf4+ Kf6 54. g5+ Kf7 55. Ra7+ Ke8 56. g6 Rg1 57. g7 e5 58. Nd5 e4 59. Nf6+ Kd8
60. g8=Q+ Rxg8 61. Nxg8 e3 62. Kg3 1-0

[Event "MrDodgy Inv 3 GpA"]
[Site "chess24.com INT"]
[Date "2022.11.25"]
[Round "4.3"]
[White "Mamedov, Rauf"]
[Black "Supi, Luis Paulo"]
[Result "1-0"]
[WhiteTitle "GM"]
[BlackTitle "GM"]
[WhiteElo "2646"]
[BlackElo "2612"]
[WhiteFideId "13401653"]
[BlackFideId "2106388"]
[EventDate "2022.11.25"]

1. e4 c5 2. Nf3 d6 3. Nc3 Nf6 4. e5 dxe5 5. Nxe5 a6 6. g3 g6 7. Bg2 Bg7 8. O-O
O-O 9. d3 Nbd7 10. Nc4 Ra7 11. a4 b6 12. Re1 Bb7 13. Bxb7 Rxb7 14. Qf3 Ra7 15.
Bf4 Nh5 16. Bg5 Bf6 17. Bh6 Bg7 18. Bg5 Bf6 19. Bd2 e6 20. Ne4 Bg7 21. Bg5 f6
22. Bd2 e5 23. Ned6 Kh8 24. g4 Nf4 25. Bxf4 exf4 26. Qd5 Ne5 27. Nxe5 fxe5 28.
Rxe5 Bxe5 29. Qxe5+ Qf6 30. Qxf6+ Rxf6 31. Ne4 Rc6 32. b3 f3 33. h3 Rd7 34. Kh2
b5 35. axb5 axb5 36. g5 Kg7 37. Kg3 c4 38. bxc4 bxc4 39. Nf6 Rb7 40. Kxf3 cxd3
41. cxd3 h6 42. h4 hxg5 43. hxg5 Rc5 44. Kg4 Rc3 45. d4 Rc4 46. f4 Rxd4 47. Ra3
Kf7 48. Kg3 Rdb4 49. Kg4 Rc4 50. Nd5 Rd4 51. Nf6 Rbb4 52. Rf3 Rbc4 53. Nh7 Kg7
54. Nf6 Kf7 55. Rf1 Rc2 56. Kh4 Rcc4 57. Kg3 Rc3+ 58. Kg4 Rcc4 59. Rf2 Rc3 60.
Ra2 Rcc4 61. Ra7+ Ke6 62. Ra6+ Kf7 63. Ra7+ Ke6 64. Ra6+ Ke7 65. Kg3 Rxf4 66.
Nd5+ Kf7 67. Nxf4 Rc3+ 68. Kg4 Rc4 69. Rf6+ 1-0

[Event "MrDodgy Inv 3 GpA"]
[Site "chess24.com INT"]
[Date "2022.11.25"]
[Round "4.4"]
[White "Ten Hertog, Hugo"]
[Black "Jones, Gawain C B"]
[Result "0-1"]
[WhiteTitle "GM"]
[BlackTitle "GM"]
[WhiteElo "2528"]
[BlackElo "2623"]
[WhiteFideId "1026356"]
[BlackFideId "409561"]
[EventDate "2022.11.25"]

1. c4 g6 2. h4 Nf6 3. Nc3 e5 4. d4 exd4 5. Qxd4 Nc6 6. Qd2 Bg7 7. b3 O-O 8. Bb2
d6 9. O-O-O h5 10. Nf3 Bf5 11. Ng5 Re8 12. f3 a5 13. e4 Bd7 14. Nd5 a4 15. Kb1
Ne5 16. f4 Neg4 17. Bd3 c6 18. Nc3 axb3 19. axb3 Qb6 20. Bc2 Nf2 21. Qxd6 Bg4
22. e5 Bxd1 23. Bxg6 Qxb3 24. exf6 fxg6 25. Rxd1 Nxd1 26. Nxd1 Qa2+ 27. Kc1
Qxc4+ 28. Kb1 Bf8 29. Qd7 Qa2+ 30. Kc1 Qc4+ 31. Kb1 Be7 32. fxe7 Qa2+ 33. Kc1
Qc4+ 34. Kb1 Qa2+ 35. Kc1 Qd5 36. Qc7 Qc5+ 37. Kb1 Rxe7 0-1